00432 2200181 4500001002100000005001500021035002000036008004100056245004300097100000900140250000600149260003600155300001100191084001400202082000800216650001400224990001200238INLIS00000000000023920240502023721 a0010-0424000215240502 0 ind 1 aAku dan Mereka Untuk Indonesia /cReni aReni a1 aJakarta :bPustaka Sunda,c2011 a60 hlm a300 REN a a300 4aNon Fiksi a0732415